K niektorým otázkam knižničného zákonodarstva v Poľskej republike

Bibliographic Details
Main Author: Zając, Józef, 1947- (Author)
Format: Article
Language:Slovak
ISSN:0322-807X
Subjects:

MARC

LEADER 00000nab a2200000 a 4500
001 vtls000512203
003 SK-MaSNL
005 20260304102409.0
008 250425c1994 xo 0 slo
015 |a SNBRB19rr/mm-uuuuu 
035 |a CL0512341 
035 |a urn:nbn:sk:snk-ab6n0t 
035 |a (uuid)6f3a7d56-ff5a-4b53-ba80-a5ad15c0185d 
035 |a (urnnbn)urn:nbn:sk:snk:ar-005m0k 
040 |a SNKBUCL  |b slo  |c SNKBUCL  |e AACR2 
041 0 |a slo 
044 |a xo  |c SK 
080 |a 021.89(438)  |2 1981 
100 1 |a Zając, Józef,  |d 1947-  |4 aut  |9 208116 
245 1 0 |a K niektorým otázkam knižničného zákonodarstva v Poľskej republike  |c Józef Zajac 
650 0 7 |a knižnice  |2 snkbucl  |9 17965 
650 0 7 |a knihovnícke zákonodarstvo  |2 snkbucl  |9 68627 
651 7 |a Poľsko  |2 snkbucl  |9 16755 
655 7 |a články z novín a časopisov  |2 snkbucl  |9 267496 
655 7 |a články z odboru knihovníctvo  |2 snkbucl  |9 166141 
773 0 |t Knižnice a informácie  |g Roč. 26, č. 3 (1994), s. 121-127  |x 0322-807X 
850 |a Slovenská národná knižnica 
852 |a Slovenská národná knižnica 
954 |a odborná, vedecká literatúra pôvodná (slovenská)  |2 lita 
958 |a article2022 
958 |a RK 
958 |a KL 
958 |a PL 
958 |a OND 
958 |a EUIPO 
992 |a RBX 
999 |c 2844827  |d 2846757